000 00486nam a2200181 a 4500
001 1767249744261
003 YourLibrary
005 20260101121346.0
008 260101s2009##################000#0#eng##
020 _a9781437705966
082 0 4 _a617.51
_bBEC
100 1 _aBecker, Samuel S.,
_eauthor.
245 1 0 _aSurgical Management of Nasal Obstruction :
260 _bClinics: Surgery,
_c2009.
650 0 _aMedical.
942 _cENGLISH
040 _aYourLibrary
_beng
_cYourLibrary
999 _c606426
_d606426